50-US States - Statistiken

Allgemein
  • Dieses Quiz wurde 474 mal gespielt
  • Das Durchschnittsergebnis liegt bei 37 aus 50
Antwortstatistiken
Bildquiz Antwort % Korrekt
New York
92%
Texas
92%
Florida
90%
Alabama
89%
California
88%
Alaska
87%
Hawaii
87%
Washington
87%
New Mexico
83%
Arizona
81%
North Dakota
81%
Ohio
81%
South Dakota
80%
Arkansas
79%
Mississippi
79%
North Carolina
79%
Georgia
78%
Idaho
77%
Nevada
77%
Illinois
76%
South Carolina
76%
Colorado
75%
Maine
75%
New Jersey
75%
Kansas
74%
Michigan
74%
Louisiana
73%
Delaware
72%
Indiana
72%
Kentucky
72%
Virginia
72%
Utah
71%
Montana
70%
New Hampshire
70%
Pennsylvania
70%
West Virginia
70%
Nebraska
69%
Iowa
68%
Wyoming
68%
Maryland
67%
Connecticut
66%
Massachusetts
66%
Oklahoma
66%
Oregon
66%
Rhode Island
66%
Missouri
65%
Tennessee
63%
Minnesota
62%
Vermont
61%
Wisconsin
61%
Keine übereinstimmenden Quizze gefunden
Verteilung der Resultate
Anzahl Personen mit jedem Resultat
Perzentil nach korrekt beantworteten Fragen
Ihre Resultats-Entwicklung
Sie haben dieses Quiz noch nicht gespielt